Statistics for Largest Islands of Cape Verde

Click here to take the quiz!

General Stats

  • This quiz has been taken 16 times
  • The average score is 6 of 8

Answer Stats

Island% Correct
Santiago
100%
Fogo
88%
Boa Vista
75%
Sal
75%
Sao Vicente
75%
Santo Antao
63%
Sao Nicolau
63%
Maio
50%

Score Distribution

Percentile by Number Answered

Percent of People with Each Score

Your Score History

You have not taken this quiz